000
00294nam a2200121Ia 4500
008
230822s2007 xx 000 0 und d
020
_a
1-84091-316-9
041
_a
eng
100
_a
CONRAN S.& BOND M.
245
_a
CONTEMPORARY LIGHTING
260
_b
OCTOPUS PUBLISHING
_c
2007
300
_a
128
999
_c
857916
_d
857916